Statistics for State Capitals Furthest Inside the State's Territory

Click here to take the quiz!

General Stats

  • This quiz has been taken 32 times
  • The average score is 7 of 10

Answer Stats

MiAnswerkm% Correct
130Austin230
93%
88Denver142
86%
115Phoenix185
79%
96Pierre154
75%
119Helena191
71%
93Santa Fe150
64%
104Oklahoma City167
54%
97Columbus156
46%
100Jefferson City161
46%
88Little Rock142
46%

Score Distribution

Percentile by Number Answered

Percent of People with Each Score

Your Score History

You have not taken this quiz